Medicine and society in Ptolemaic Egypt /

محفوظ في:

المؤلف الرئيسي: Lang, Philippa, 1974-

التنسيق: كتاب

اللغة: English

منشور في: Leiden ; Boston : Brill, 2013.

سلاسل: Studies in ancient medicine ; 41.

الموضوعات:

الوسوم: إضافة وسم

لا توجد وسوم, كن أول من يضع وسما على هذه التسجيلة!

رقم الطلب: R137 .L36

LEADER 00782nam a22002417a 4500
003 OSt
005 20251124094242.0
008 251124t2013 ne ab b 001 0 eng d
020 |a 9789004218581 (hardback : alk. paper) 
040 |c ARCE Library 
050 1 4 |a R137  |b .L36  
100 1 |a Lang, Philippa,   |d 1974- 
245 1 0 |a Medicine and society in Ptolemaic Egypt /   |c by Philippa Lang. 
264 1 |a Leiden ;   |a Boston :   |b Brill,   |c 2013. 
300 |a xii, 318 p. :   |b ill., maps ;   |c 25 cm. 
490 0 |a Studies in ancient medicine ;   |v 41. 
504 |a Includes bibliographical references and indexes. 
650 0 |a Medicine, Egyptian. 
650 0 |a Medicine, Greek and Roman. 
650 0 |a Physicians -- Egypt -- History. 
901 |a reviewed 
942 |2 lcc  |c BK 
999 |c 49236  |d 49236